Devinez la Capitale Mystère #94 - Statistiques

Statistiques générales
  • Ce quiz a été pris 134 fois
  • Le résultat moyen est 30 sur 38
Statistiques - réponses
Type de Réponse Réponse % Correct
Lettre Trouvée S
100%
Lettre Bien Placée A
99%
Lettre Trouvée A
99%
Lettre Trouvée O
99%
Lettre de l'Alphabet I
98%
Lettre de l'Alphabet E
97%
Lettre Trouvée N
97%
Lettre Trouvée R
97%
Lettre de l'Alphabet P
96%
Lettre Trouvée L
95%
Lettre de l'Alphabet T
91%
Lettre de l'Alphabet B
90%
Lettre Trouvée D
88%
Lettre de l'Alphabet U
85%
Lettre de l'Alphabet M
84%
Lettre de l'Alphabet H
83%
Lettre Bien Placée N
83%
Lettre de l'Alphabet G
82%
Lettre de l'Alphabet C
80%
Lettre de l'Alphabet W
80%
Lettre de l'Alphabet K
76%
Lettre Bien Placée S
76%
Lettre Trouvée V
73%
Lettre Bien Placée A
72%
Lettre de l'Alphabet X
69%
Lettre de l'Alphabet Y
69%
Lettre Bien Placée L
68%
Lettre Bien Placée A
67%
Lettre de l'Alphabet J
65%
Lettre Bien Placée S
65%
Lettre de l'Alphabet F
61%
Lettre de l'Alphabet Z
60%
Lettre de l'Alphabet Q
59%
Lettre Bien Placée V
59%
Lettre Bien Placée D
56%
Lettre Bien Placée O
56%
Lettre Bien Placée R
56%
Capitale Mystère San Salvador
56%
Aucun quiz correspondant
Distribution des résultats
% des personnes avec chaque résultat
Percentile par nombre de réponses
Votre historique - résultats
Vous n’avez pas pris ce quiz